Complex variables and applications (Record no. 7806)

000 -LEADER
fixed length control field 00528nam a2200193 4500
001 - CONTROL NUMBER
control field 7806
003 - CONTROL NUMBER IDENTIFIER
control field BD-DhUET
008 - FIXED-LENGTH DATA ELEMENTS--GENERAL INFORMATION
fixed length control field 141213b/xxu||||| |||| 00| 0 eng d
040 ## - CATALOGING SOURCE
Original cataloging agency DLC
Language of cataloging DLC
Transcribing agency BD-DhUET
082 ## - DEWEY DECIMAL CLASSIFICATION NUMBER
Edition number 1st ed.
Classification number 517.8
Item number CHU/1974
100 ## - MAIN ENTRY--PERSONAL NAME
Personal name Churchill , Ruel V.
245 ## - TITLE STATEMENT
Title Complex variables and applications
Statement of responsibility, etc. by Ruel V. Churchill
250 ## - EDITION STATEMENT
Edition statement 1st ed.
260 ## - PUBLICATION, DISTRIBUTION, ETC. (IMPRINT)
Place of publication, distribution, etc. Newyork
Name of publisher, distributor, etc. McGraw Hill
Date of publication, distribution, etc. 1974
300 ## - PHYSICAL DESCRIPTION
Extent IX, 293 p .
Other physical details col. ill.
504 ## - BIBLIOGRAPHY, ETC. NOTE
Bibliography, etc includes bibliographies
650 #0 - SUBJECT ADDED ENTRY--TOPICAL TERM
Topical term or geographic name as entry element Math complex variable
942 ## - ADDED ENTRY ELEMENTS (KOHA)
Koha item type General Book
Holdings
Koha date last borrowed Koha date last seen Not for loan Sublocation or collection (holding branch) Koha item type Koha issues (times borrowed) Koha normalized classification for sorting Location (home branch) Lost status Date acquired Piece designation (barcode) Price effective from Shelving location Withdrawn status Source of classification or shelving scheme Damaged status Koha full call number Copy number
 2014-12-13 Central Library, BUETGeneral Book 517_800000000000000_CHU_1974Central Library, BUET 2014-12-13528882014-12-13Circulation section   517.8/CHU/19741
 2014-12-13 Central Library, BUETGeneral Book 517_800000000000000_CHU_1974Central Library, BUET 2014-12-13528902014-12-13Circulation section   517.8/CHU/19742
2016-07-132016-12-20 Central Library, BUETGeneral Book1517_800000000000000_CHU_1974Central Library, BUET 2014-12-13677912014-12-13Circulation section   517.8/CHU/19743
2024-09-012024-09-15 Central Library, BUETGeneral Book2517_800000000000000_CHU_1974Central Library, BUET 2014-12-13528862014-12-13Circulation section   517.8/CHU/19744
 2014-12-13 Central Library, BUETGeneral Book 517_800000000000000_CHU_1974Central Library, BUET 2014-12-1373632014-12-13Circulation section   517.8/CHU/19745